Elusive Equality: (Record no. 213832)

MARC details
000 -LEADER
fixed length control field 00638 a2200181 4500
005 - DATE AND TIME OF LATEST TRANSACTION
control field 20251203153829.0
010 ## - LCCN (DPL NO)
LC control number ENG-147222
020 ## - INTERNATIONAL STANDARD BOOK NUMBER
International Standard Book Number 9788188965700
Terms of availability 425.00
035 ## - SYSTEM CONTROL NUMBER
System control number EN-130754
037 ## - SOURCE OF ACQUISITION
Source of stock number/acquisition DBAD
082 ## - DEWEY DECIMAL CLASSIFICATION NUMBER
Classification number 342.54085
Edition number 1
245 ## - TITLE STATEMENT
Title Elusive Equality:
Remainder of title Constitutional Guarantees and Legal Regimes in South Asia, Malaysia and China/
Statement of responsibility, etc Edited by Indira Jaising
260 ## - PUBLICATION, DISTRIBUTION, ETC. (IMPRINT)
Place of publication, distribution, etc New Delhi
Name of publisher, distributor, etc Women Unlimited
Date of publication, distribution, etc 2011
270 ## - ADDRESS
Address K-36, Hauz Khas Enclave, Ground Floor,
City New Delhi
Postal code 110 016
300 ## - PHYSICAL DESCRIPTION
Extent 252p.
Dimensions 24cm(Hb)
700 ## - ADDED ENTRY--PERSONAL NAME
Personal name Jaising, Indira
Relator term Editor
9 (RLIN) 85848
942 ## - ADDED ENTRY ELEMENTS (KOHA)
Institution code [OBSOLETE] dpl
Item type English Books
Source of classification or shelving scheme Dewey Decimal Classification
Classification part 342.54085
Call number suffix ELU
Holdings
Withdrawn status Lost status Not for loan Collection code Home library Current library Date acquired Source of acquisition Cost, normal purchase price Full call number Barcode Copy number Cost, replacement price Koha item type
      Non-fiction Mobile Library Mobile Library 03/12/2025 Delivery of Books Act Division 425.00 342.54085 ELU EN-130754 1 425.00 English Books

© Delhi Public Library
Hit Counter
free hit counter